| 000 | 00354cam a2200145ua 4500 | ||
|---|---|---|---|
| 041 |
_aeng _h |
||
| 082 |
_a338.9 _bGRE/PH |
||
| 100 | _aGregg, Richard B . | ||
| 245 |
_aphilosephy of Indian economic / _cGregg. _hTextual Documents |
||
| 260 |
_a : _bNavajivan pub house , _c1958. |
||
| 300 | _a ; . | ||
| 504 | _a | ||
| 942 | _cBK | ||
| 999 |
_c11258 _d11258 |
||